00770 2200169 4500245003900000020002200039250001100061100002000072650001600092005001900108260003600127041001400163084000800177300003000185500037600215336000900591 aFriend ZonecVanesa MarcellahText a978-602-430-000-5 aCet. 2 aVanesa Marcella aNovel Fiksi a20240125114826 aYogyakartabBentang Beliac2016 aIndonesia a813 aviii, 264 cm. :c20.8 cm. adi mata Abel, David adalah cowok sempurna.dia ganteng, populer, dan berada di sisi Abel. tiap David memandangnya, Abel selalu berharap rona merah di pipinya tidak ketahuan oleh David. Apalagi, saat David menyentuhnya, mengacak rambutnya, seolah seluruh pertikel di dalam tubuh Abel siap melesat tinggi menebus langit. hanya satu kekeurangan David, ia adalah sanabat Abel. atext